Cash collectin & transmission (Record no. 342766)
[ view plain ]
| 000 -LEADER | |
|---|---|
| fixed length control field | 00268 a2200109 4500 |
| 020 ## - INTERNATIONAL STANDARD BOOK NUMBER | |
| International Standard Book Number | 0852974485 |
| 090 ## - LOCALLY ASSIGNED LC-TYPE CALL NUMBER (OCLC); LOCAL CALL NUMBER (RLIN) | |
| -- | 192 |
| -- | 192 |
| 100 ## - MAIN ENTRY--PERSONAL NAME | |
| Personal name | Brain Coyle |
| 245 ## - TITLE STATEMENT | |
| Title | Cash collectin & transmission |
| 260 ## - PUBLICATION, DISTRIBUTION, ETC. | |
| Place of publication, distribution, etc. | Canterbury |
| Name of publisher, distributor, etc. | CIB Publishing |
| Date of publication, distribution, etc. | 2000 |
| 942 ## - ADDED ENTRY ELEMENTS (KOHA) | |
| Institution code [OBSOLETE] | NBS |
| Koha item type | Book |
| Call number prefix | 658.15 COY |
| Withdrawn status | Lost status | Damaged status | Not for loan | Permanent Location | Current Location | Date acquired | Full call number | Barcode | Date last seen | Price effective from | Koha item type |
|---|---|---|---|---|---|---|---|---|---|---|---|
| Central Library (CL) | Central Library (CL) | 08/28/2013 | 658.15 COY | NBS5225 | 08/28/2013 | 08/28/2013 | Reference |
